[Event "Bratislava exe op"]
[Site "Bratislava"]
[Date "2023.09.23"]
[Round "9"]
[White "Cichon, Bartlomiej"]
[Black "Nomin Erdene, Davaademberel"]
[Result "0-1"]
[WhiteElo "1933"]
[BlackElo "2364"]
[PlyCount "66"]
[EventDate "2023.09.15"]
[EventType "swiss"]
[EventRounds "9"]
[EventCountry "SVK"]
[SourceTitle "EXT 2024"]
[Source "ChessBase"]
[SourceDate "2023.10.10"]
[SourceVersion "1"]
[SourceVersionDate "2023.10.10"]
[SourceQuality "1"]

1. e4 c6 2. Nc3 d5 3. Nf3 dxe4 4. Nxe4 Nf6 5. Qe2 Bg4 6. h3 Bh5 7. Nxf6+ gxf6 8. d3 e6 9. g4 Bg6 10. Bg2 Qc7 11. Bd2 Nd7 12. 0-0-0 0-0-0 13. Nh4 Bd6 14. Rhf1 Nc5 15. Qe3 Rhe8 16. f4 Qb6 17. Kb1 Qb5 18. d4 Nd7 19. Qb3 Qe2 20. Qa4 Nb6 21. Qb3 Nc4 22. Qc3 e5 23. f5 exd4 24. Qd3 Bg3 25. fxg6 fxg6 26. Qxg3 Nxd2+ 27. Rxd2 Qxd2 28. Nf3 Qe2 29. Re1 Qc4 30. Bf1 Qd5 31. Bg2 d3 32. Nd2 dxc2+ 33. Kxc2 Qxd2+ 0-1

[Event "Bratislava exe op"]
[Site "Bratislava"]
[Date "2023.09.16"]
[Round "2"]
[White "Babula, Vlastimil1111"]
[Black "Cichon, Bartlomiej"]
[Result "1-0"]
[WhiteElo "2255"]
[BlackElo "1933"]
[PlyCount "75"]
[EventDate "2023.09.15"]
[EventType "swiss"]
[EventRounds "9"]
[EventCountry "SVK"]
[SourceTitle "EXT 2024"]
[Source "ChessBase"]
[SourceDate "2023.10.10"]
[SourceVersion "1"]
[SourceVersionDate "2023.10.10"]
[SourceQuality "1"]

1. e4 c5 2. Nf3 d6 3. d4 cxd4 4. Nxd4 Nf6 5. Nc3 a6 6. h3 e6 7. g4 Be7 8. Bg2 Nfd7 9. a4 Nc6 10. Be3 0-0 11. 0-0 Qc7 12. f4 Na5 13. Kh1 Rd8 14. g5 g6 15. Qg4 Nb6 16. Qh4 Nbc4 17. Bc1 Qc5 18. Qf2 Bf8 19. b3 Bg7 20. Nce2 e5 21. fxe5 Nxe5 22. Be3 Qc7 23. Nf4 Nac6 24. Nd5 Qb8 25. Nb6 Be6 26. Rad1 Ra7 27. c4 a5 28. c5 Nxd4 29. Bxd4 Bxb3 30. cxd6 Bxd1 31. Bxe5 Bxe5 32. Qxf7+ Kh8 33. Rxd1 Rxd6 34. Rxd6 Bxd6 35. Qf6+ Kg8 36. e5 h5 37. Qxg6+ Kf8 38. Nd7+ 1-0

[Event "Katowice POL-HUN 10th"]
[Site "Katowice"]
[Date "2023.09.10"]
[Round "8"]
[White "Kucharska, Honorata"]
[Black "Cichon, Bartlomiej"]
[Result "1/2-1/2"]
[WhiteElo "2197"]
[BlackElo "1933"]
[PlyCount "126"]
[EventDate "2023.09.09"]
[EventType "swiss (rapid)"]
[EventRounds "9"]
[EventCountry "POL"]
[SourceTitle "EXT 2024"]
[Source "ChessBase"]
[SourceDate "2023.10.10"]
[SourceVersion "1"]
[SourceVersionDate "2023.10.10"]
[SourceQuality "1"]

1. e4 c5 2. Nf3 d6 3. d4 cxd4 4. Qxd4 Nc6 5. Bb5 Bd7 6. Qd3 Nf6 7. c4 Ne5 8. Nxe5 dxe5 9. Bxd7+ Qxd7 10. Qxd7+ Nxd7 11. Be3 e6 12. Nc3 a6 13. Ke2 Bb4 14. Rac1 Rc8 15. Na4 Ke7 16. a3 Bc5 17. Rhd1 Bxe3 18. Kxe3 Rc6 19. b3 Rhc8 20. Nb2 b5 21. Rc3 bxc4 22. Rxc4 Rxc4 23. Nxc4 Nc5 24. Nxe5 f6 25. b4 fxe5 26. bxc5 Rxc5 27. Rd3 Rc2 28. Rd2 Rc3+ 29. Rd3 Rc2 30. Rd2 Rc1 31. g3 Ra1 32. Rd3 Ra2 33. h3 a5 34. f4 Kf6 35. Rc3 exf4+ 36. gxf4 h5 37. Kd4 h4 38. Kc4 Re2 39. Kd4 Rf2 40. Rc5 Rxf4 41. Ke3 Rf1 42. Rxa5 Rh1 43. Kf4 Rxh3 44. e5+ Kg6 45. Ra6 Kf7 46. Ra7+ Kg6 47. Ra6 Kf7 48. Ra7+ Kg8 49. Kg4 Re3 50. Kxh4 Rxe5 51. a4 Kh7 52. a5 Kg6 53. a6 Re4+ 54. Kg3 Ra4 55. Kf3 Kf6 56. Ra8 Ke5 57. a7 Ra3+ 58. Kg4 Ke4 59. Re8 Rxa7 60. Rxe6+ Kd5 61. Re8 Rf7 62. Kg5 Rf6 63. Re7 Kd6 1/2-1/2

[Event "Katowice POL-HUN 10th"]
[Site "Katowice"]
[Date "2023.09.09"]
[Round "2"]
[White "Sieciechowicz, Marcin"]
[Black "Cichon, Bartlomiej"]
[Result "1-0"]
[WhiteElo "2398"]
[BlackElo "1933"]
[PlyCount "53"]
[EventDate "2023.09.09"]
[EventType "swiss (rapid)"]
[EventRounds "9"]
[EventCountry "POL"]
[SourceTitle "EXT 2024"]
[Source "ChessBase"]
[SourceDate "2023.10.10"]
[SourceVersion "1"]
[SourceVersionDate "2023.10.10"]
[SourceQuality "1"]

1. d4 Nf6 2. Nc3 d5 3. Bf4 c5 4. e4 Nxe4 5. Nxe4 dxe4 6. dxc5 Qa5+ 7. c3 Qxc5 8. Qa4+ Nc6 9. Qxe4 g6 10. Be3 Bf5 11. Qa4 Qa5 12. Qxa5 Nxa5 13. Bb5+ Bd7 14. Bxd7+ Kxd7 15. 0-0-0+ Ke8 16. Nf3 Bg7 17. Rhe1 e6 18. Rd3 Nc4 19. Bg5 h6 20. Bh4 g5 21. Bg3 Rd8 22. Red1 Ke7 23. b3 Rxd3 24. Rxd3 Nb6 25. Bd6+ Kf6 26. Ne5 Rc8 27. Rf3# 1-0

[Event "Polanica Zdroj op 59th"]
[Site "Polanica Zdroj"]
[Date "2023.08.24"]
[Round "6"]
[White "Cichon, Bartlomiej"]
[Black "Sliwerski, Radoslaw"]
[Result "1-0"]
[WhiteElo "1933"]
[BlackElo "2033"]
[PlyCount "75"]
[EventDate "2023.08.19"]
[EventType "swiss"]
[EventRounds "9"]
[EventCountry "POL"]
[SourceTitle "CBM 215 Extra"]
[Source "ChessBase"]
[SourceDate "2023.09.30"]
[SourceVersion "1"]
[SourceVersionDate "2023.09.30"]
[SourceQuality "1"]

1. e4 c5 2. Nf3 d6 3. d4 cxd4 4. Nxd4 Nf6 5. Nc3 a6 6. h3 e5 7. Nde2 h5 8. g3 Be7 9. Bg2 b5 10. Nd5 Nxd5 11. Qxd5 Ra7 12. Be3 Be6 13. Qd2 Rb7 14. f4 0-0 15. b3 b4 16. f5 Bd7 17. 0-0-0 a5 18. g4 h4 19. g5 a4 20. f6 gxf6 21. gxf6 Bxf6 22. Bf3 axb3 23. Rdg1+ Kh7 24. cxb3 Qa5 25. Bg5 Bg7 26. Kb1 Be6 27. Be7 Rg8 28. Rg5 Bh6 29. Rh5 Rg6 30. Rg1 Bxb3 31. Bf8 Bxa2+ 32. Qxa2 Rxg1+ 33. Nxg1 Qc5 34. Bxh6 Qxg1+ 35. Bc1+ Kg6 36. Rg5+ Qxg5 37. Bxg5 Kxg5 38. Qd2+ 1-0

[Event "Polanica Zdroj op 59th"]
[Site "Polanica Zdroj"]
[Date "2023.08.23"]
[Round "5"]
[White "Bleuzen, Cedric"]
[Black "Cichon, Bartlomiej"]
[Result "1/2-1/2"]
[WhiteElo "2057"]
[BlackElo "1933"]
[PlyCount "39"]
[EventDate "2023.08.19"]
[EventType "swiss"]
[EventRounds "9"]
[EventCountry "POL"]
[SourceTitle "CBM 215 Extra"]
[Source "ChessBase"]
[SourceDate "2023.09.30"]
[SourceVersion "1"]
[SourceVersionDate "2023.09.30"]
[SourceQuality "1"]

1. d4 Nf6 2. Bg5 d5 3. e3 c5 4. Bxf6 gxf6 5. c3 e6 6. Nd2 Qb6 7. Qb3 Nc6 8. Ngf3 c4 9. Qc2 f5 10. Be2 Qa5 11. 0-0 b5 12. b4 Qb6 13. a4 Ba6 14. axb5 Bxb5 15. Rfb1 Bd6 16. Bd1 Ke7 17. Ne1 Rhb8 18. Rb2 a5 19. bxa5 Rxa5 20. Rxa5 1/2-1/2

[Event "Portoroz op 14th"]
[Site "Portoroz"]
[Date "2023.07.20"]
[Round "7"]
[White "Vincenzi, Marco"]
[Black "Cichon, Bartlomiej"]
[Result "0-1"]
[WhiteElo "2040"]
[BlackElo "1777"]
[PlyCount "52"]
[EventDate "2023.07.15"]
[EventType "swiss"]
[EventRounds "9"]
[EventCountry "SLO"]
[SourceTitle "CBM 215 Extra"]
[Source "ChessBase"]
[SourceDate "2023.09.30"]
[SourceVersion "1"]
[SourceVersionDate "2023.09.30"]
[SourceQuality "1"]

1. e4 c5 2. Nf3 d6 3. Bb5+ Nd7 4. a4 Ngf6 5. Nc3 a6 6. Bc4 e6 7. d4 cxd4 8. Nxd4 Qc7 9. Bxe6 fxe6 10. Nxe6 Qc4 11. Nxf8 Rxf8 12. f3 d5 13. exd5 Nb6 14. d6 Bf5 15. a5 Nbd5 16. Ra4 Nb4 17. Bd2 Kd7 18. Ne4 Nxc2+ 19. Kf2 Nxe4+ 20. fxe4 Qxa4 21. exf5 Rxf5+ 22. Kg3 h5 23. h3 Qe4 24. Kh2 Rf2 25. Rg1 g6 26. Bc3 Ne3 0-1